Statistiken für Berühmte letzte Worte

Klicken Sie hier um das Quiz zu spielen!

Allgemein

  • Dieses Quiz wurde 138 mal gespielt
  • Das Durchschnittsergebnis liegt bei 4 aus 15

Antwortstatistiken

HintAntwort% Korrekt
Auch du, mein Sohn?Julius Caesar
79%
O Kriton, wir sind dem Asklepios einen Hahn schuldig, entrichtet ihm den, und versäumt es ja nicht.Sokrates
51%
Es ist vollbracht.Jesus
39%
Störe meine Kreise nicht!Archimedes
34%
Der muss anhalten. Er wird uns sehen.James Dean
28%
Mehr Licht!Johann Wolfgang von Goethe
26%
Denkt daran, zu den Sternen aufzublicken und nicht auf eure Füße.Stephen Hawking
24%
Da gibt es nichts zu weinen.Konrad Adenauer
16%
Oh Gott, zu den höchsten Gefährten!Mohammed
16%
Ich kann nicht atmen!Eric Garner
9%
Gott wird mir vergeben, das ist sein Beruf.Heinrich Heine
9%
Ich versinke, ich versinke!Wilhelm II.
9%
Schade, schade, zu spät!Ludwig van Beethoven
8%
Ich sterbe.Steve Irwin
8%
Morgen werde ich nicht mehr hier sein.Nostradamus
6%

Verteilung der Resultate

Perzentil nach korrekt beantworteten Fragen

Anzahl Personen mit jedem Resultat

Ihre Resultats-Entwicklung

Sie haben dieses Quiz noch nicht gespielt